=LDR 00000nam 2200000 4500 =001 INLIS000000000050139 =005 20170420082159.0 =006 =007 =008 =020 ##$$a 978 - 602 - 313 - 062 - 7 =035 ##$$0010-041700000000329 =040 ##$$a NBPDMAT =082 ##$$a 371.2 =090 ##$$a 371.2 Hid k =100 ##$$a Hidayah, Nurul =245 ##$$a Kepemimpinan Visioner Kepala Sekolah dalam Meingkatkan Mutu Pendidikan / $c Nurul Hidayah =250 ##$$a Cet. 1 =260 ##$$a Yogyakaarta : $b Ar-Ruz Media , $c 2016 =300 ##$$a 296 hlm.; $c 24 cm. =650 ##$$a Kepala Sekolah